000 00471nam a2200181Ia 4500
001 3446
005 20260306145644.0
008 260306t1992||||xx |||||||||||||| ||spa||
041 _aESP
082 _a278.5
_bM26 T. 1
100 _aMarzal, Manuel M.
_eAUT
245 0 _aLa utopía posible:
_bindios y jesuitas en la América colonial (1549-1767)
260 _c1992
300 _a611 páginas :
_c20 cm.
650 _aGEN
654 _aCHU
942 _cLIB
_dJUS
_fJUS
_2ddc
_n
999 _c3446
_d3446